000 00620nam a22001937a 4500
005 20240409155213.0
010 _aENG-140108
020 _a9789392023392
_c895.00
035 _aEN-123640
037 _bDBAD
082 _a954.1
100 _aSaroh, Tayum
_964531
245 _aDimensions, Issues and Development of North East India /
_cby Tayum Saroh [and] Elizabeth mize
260 _aDelhi
_bKumud Publications
_c2022
270 _aK-129, 3-1/2 Pusta Main Road, Gautam Vihar,
_bDelhi
_e110053
300 _axii,184p.
_c22(Hb)
700 _amize ,Elizabeth
_964532
942 _cEN
_2ddc
_h954.1
_mSAR
999 _c202038
_d202038